[Event "Kinross USSA (Women) op"]
[Site "Kinross"]
[Date "2018.07.04"]
[Round "5"]
[White "Samons, Marcelle"]
[Black "Steyn, Alicia"]
[Result "1-0"]
[WhiteElo "1326"]
[BlackElo "1204"]
[PlyCount "47"]
[EventDate "2018.07.02"]
[EventType "swiss"]
[EventRounds "9"]
[EventCountry "RSA"]
[SourceTitle "CBM 185 Extra"]
[Source "ChessBase"]
[SourceDate "2018.07.29"]
[SourceVersion "1"]
[SourceVersionDate "2018.07.29"]
[SourceQuality "1"]

1. e4 c5 2. c3 g6 3. d4 cxd4 4. Qxd4 f6 5. Bc4 Nc6 6. Qd1 Nh6 7. Bf4 Na5 8. Bd3 Nf7 9. b4 Nc6 10. Nf3 Bg7 11. Nbd2 0-0 12. Bc4 e6 13. Nb3 Re8 14. Nbd4 Nxd4 15. cxd4 d5 16. Bd3 dxe4 17. Bxe4 Nd6 18. Bc2 Nb5 19. Qd3 Nc7 20. 0-0 Nd5 21. Bd2 Bf8 22. Qb3 Bd6 23. Rac1 Nb6 24. Bb1 1-0

[Event "Kinross USSA (Women) op"]
[Site "Kinross"]
[Date "2018.07.03"]
[Round "3"]
[White "De Beer, Rene"]
[Black "Steyn, Alicia"]
[Result "1-0"]
[WhiteElo "1410"]
[BlackElo "1204"]
[PlyCount "89"]
[EventDate "2018.07.02"]
[EventType "swiss"]
[EventRounds "9"]
[EventCountry "RSA"]
[SourceTitle "CBM 185 Extra"]
[Source "ChessBase"]
[SourceDate "2018.07.29"]
[SourceVersion "1"]
[SourceVersionDate "2018.07.29"]
[SourceQuality "1"]

1. d4 Nf6 2. c4 e6 3. Nc3 Bb4 4. Bd2 0-0 5. Nf3 b6 6. e3 Bb7 7. Bd3 d5 8. cxd5 Nxd5 9. 0-0 Nxc3 10. bxc3 Be7 11. e4 c5 12. Qc2 cxd4 13. cxd4 Nc6 14. Bc3 Rc8 15. Qb2 Nb8 16. Rad1 Qc7 17. Rc1 Qd6 18. Rfd1 Qa3 19. Qd2 Rfd8 20. Ne5 Qd6 21. Qe3 Nc6 22. Nc4 Qb8 23. d5 exd5 24. exd5 Bc5 25. Qh3 Nd4 26. Bxh7+ Kf8 27. Bxd4 Bxd4 28. Rxd4 Bxd5 29. Qa3+ Rc5 30. Ne3 Qc7 31. Rxd5 Rdxd5 32. Nxd5 Qd6 33. Rd1 g6 34. Bxg6 Qxg6 35. Qxa7 Kg7 36. Qxb6 Rc2 37. Qxg6+ Kxg6 38. Ra1 Kf5 39. Ne3+ Ke4 40. Nxc2 Kd3 41. Ne3 Kc3 42. Rb1 f5 43. a4 f4 44. Nd5+ Kc2 45. Rb8 1-0

[Event "RSA-ch U18 Girls"]
[Site "Gauteng"]
[Date "2017.04.08"]
[Round "6"]
[White "Steyn, Alicia"]
[Black "Raubenheimer, Lize"]
[Result "1/2-1/2"]
[WhiteElo "1427"]
[BlackElo "1154"]
[PlyCount "84"]
[EventDate "2017.04.05"]
[EventType "swiss"]
[EventRounds "11"]
[EventCountry "RSA"]
[SourceTitle "CBM 177 Extra"]
[Source "ChessBase"]
[SourceDate "2017.04.27"]
[SourceVersion "1"]
[SourceVersionDate "2017.04.27"]
[SourceQuality "1"]

1. e4 c6 2. d4 d5 3. Nc3 e6 4. Bd3 a6 5. Nge2 Nd7 6. Be3 c5 7. dxc5 Nxc5 8. exd5 Nxd3+ 9. Qxd3 Nf6 10. dxe6 Bxe6 11. Qxd8+ Rxd8 12. 0-0 Be7 13. Nf4 Bf5 14. Rac1 0-0 15. h3 Rfe8 16. g4 Bg6 17. Nxg6 fxg6 18. Rcd1 b5 19. a3 Kf7 20. Kg2 b4 21. axb4 Bxb4 22. g5 Nd7 23. Nd5 Bd6 24. Nb6 Nxb6 25. Bxb6 Rd7 26. Rd3 Ree7 27. Rfd1 Ke6 28. Re1+ Kf7 29. Rxe7+ Kxe7 30. c4 Bc7 31. Rxd7+ Kxd7 32. Bxc7 Kxc7 33. Kf3 Kc6 34. Ke4 Kc5 35. b3 a5 36. Kd3 Kb4 37. Kd4 Kxb3 38. c5 a4 39. c6 a3 40. c7 a2 41. c8Q a1Q+ 42. Ke4 Qb1+ 1/2-1/2

[Event "RSA-ch U18 Girls"]
[Site "Gauteng"]
[Date "2017.04.07"]
[Round "4"]
[White "Van Zyl, Charlize"]
[Black "Steyn, Alicia"]
[Result "1-0"]
[WhiteElo "1658"]
[BlackElo "1427"]
[PlyCount "111"]
[EventDate "2017.04.05"]
[EventType "swiss"]
[EventRounds "11"]
[EventCountry "RSA"]
[SourceTitle "CBM 177 Extra"]
[Source "ChessBase"]
[SourceDate "2017.04.27"]
[SourceVersion "1"]
[SourceVersionDate "2017.04.27"]
[SourceQuality "1"]

1. d4 Nf6 2. Nf3 g6 3. g3 Bg7 4. Bg2 0-0 5. 0-0 d5 6. c4 dxc4 7. Na3 c6 8. Nxc4 Be6 9. Nce5 Ng4 10. Ng5 Nxe5 11. Nxe6 fxe6 12. dxe5 Qxd1 13. Rxd1 Bxe5 14. Bh3 Kf7 15. Rd3 Bf6 16. g4 g5 17. f4 gxf4 18. Bxf4 Kg6 19. Be3 Na6 20. Rd7 b6 21. Bg2 Nb4 22. Be4+ Kg7 23. g5 Bxb2 24. Rxe7+ Kg8 25. Bxh7+ Kh8 26. Rb1 Nd5 27. Rxb2 Nxe7 28. g6 e5 29. Bh6 Nxg6 30. Bxf8 Nxf8 31. Be4 Rc8 32. Rd2 Kg7 33. Rd6 c5 34. h4 Rc7 35. h5 Kg8 36. Rd8 Rd7 37. Re8 c4 38. Rxe5 Nh7 39. Bd5+ Kg7 40. Bxc4 Kh6 41. Bb5 Rg7+ 42. Kf2 Rg5 43. Rxg5 Nxg5 44. Be8 Ne6 45. e4 Ng7 46. Bf7 Nxh5 47. Bxh5 Kxh5 48. Ke3 Kg6 49. Kd4 Kf6 50. Kd5 Ke7 51. Kc6 Ke6 52. a4 Ke5 53. Kb7 a5 54. Kxb6 Kxe4 55. Kxa5 Kd5 56. Kb6 1-0

[Event "Boksburg Inter Region-ch"]
[Site "Boksburg"]
[Date "2016.12.22"]
[Round "6.3"]
[White "De Jager, Cornelius"]
[Black "Steyn, Alicia"]
[Result "0-1"]
[WhiteElo "1324"]
[BlackElo "1396"]
[PlyCount "64"]
[EventDate "2016.12.20"]
[EventType "team-swiss"]
[EventRounds "7"]
[EventCountry "RSA"]
[SourceTitle "CBM 176 Extra"]
[Source "ChessBase"]
[SourceDate "2017.03.02"]
[SourceVersion "1"]
[SourceVersionDate "2017.03.02"]
[SourceQuality "1"]
[WhiteTeam "King Attackers"]
[BlackTeam "Queens"]
[WhiteTeamCountry "RSA"]
[BlackTeamCountry "RSA"]

1. b4 Nf6 2. Bb2 b6 3. e3 Bb7 4. Nf3 g6 5. Be2 Bg7 6. d3 0-0 7. Nbd2 d6 8. Rb1 Nbd7 9. 0-0 a6 10. a4 Re8 11. e4 e5 12. Ne1 d5 13. exd5 Bxd5 14. c4 Bb7 15. f3 Nh5 16. Ne4 f5 17. Ng3 Nf4 18. Rf2 Nxe2+ 19. Rxe2 a5 20. b5 Nc5 21. d4 exd4 22. Rxe8+ Qxe8 23. Bxd4 Rd8 24. Ne2 Bxd4+ 25. Nxd4 Qe3+ 26. Kh1 Rxd4 27. Qc2 Qd2 28. Rc1 Qxc2 29. Rxc2 Rd1 30. Re2 Nd3 31. Kg1 Rxe1+ 32. Rxe1 Nxe1 0-1

[Event "Africa-ch U18 Girls"]
[Site "Port Elizabeth"]
[Date "2016.08.27"]
[Round "7"]
[White "Steyn, Alicia"]
[Black "De Kock, Lene"]
[Result "1-0"]
[WhiteElo "1431"]
[BlackElo "1327"]
[PlyCount "41"]
[EventDate "2016.08.22"]
[EventType "swiss"]
[EventRounds "9"]
[EventCountry "RSA"]
[SourceTitle "CBM 174 Extra"]
[Source "ChessBase"]
[SourceDate "2016.10.10"]
[SourceVersion "1"]
[SourceVersionDate "2016.10.10"]
[SourceQuality "1"]

1. e4 d6 2. d4 Nf6 3. Nc3 c6 4. h4 Qa5 5. Bd2 e5 6. dxe5 dxe5 7. Nd5 Qd8 8. Nxf6+ Qxf6 9. Bc4 Bc5 10. Nf3 Bg4 11. Be2 Nd7 12. 0-0 0-0-0 13. Bg5 Qg6 14. Bxd8 Rxd8 15. Nh2 Bxe2 16. Qxe2 Qg3 17. Nf3 Qg6 18. Rad1 a5 19. Qd2 f6 20. Rfe1 Bb6 21. Nh2 1-0

[Event "RSA-ch U18/20 Girls"]
[Site "Bloemfontein"]
[Date "2016.03.22"]
[Round "5"]
[White "Badenhorst, Mandie"]
[Black "Steyn, Alicia"]
[Result "0-1"]
[WhiteElo "1072"]
[BlackElo "1285"]
[PlyCount "92"]
[EventDate "2016.03.20"]
[EventType "swiss"]
[EventRounds "11"]
[EventCountry "RSA"]
[SourceTitle "CBM 171 Extra"]
[Source "ChessBase"]
[SourceDate "2016.04.26"]
[SourceVersion "1"]
[SourceVersionDate "2016.04.26"]
[SourceQuality "1"]

1. d4 Nf6 2. Bg5 g6 3. Nf3 Bg7 4. e3 d5 5. Bd3 b6 6. c3 Bb7 7. Qc2 0-0 8. Nbd2 Nbd7 9. Bxf6 Bxf6 10. Nf1 e5 11. dxe5 Nxe5 12. Nxe5 Bxe5 13. Ng3 c5 14. 0-0 d4 15. Be4 Qe7 16. Bxb7 Qxb7 17. cxd4 cxd4 18. exd4 Bxd4 19. Rab1 Rac8 20. Qe4 Qxe4 21. Nxe4 Rc2 22. Nc3 Bxc3 23. bxc3 Rxc3 24. h3 Ra3 25. Rb2 Rc8 26. Rd1 Rc4 27. Rdd2 Kg7 28. Kh2 Ra5 29. g4 Ra3 30. Rb3 Rxb3 31. axb3 Rb4 32. Rd3 a5 33. Kg3 b5 34. f3 a4 35. bxa4 bxa4 36. Ra3 Kf6 37. f4 Rb3+ 38. Rxb3 axb3 39. g5+ Kf5 40. h4 b2 41. Kf3 b1Q 42. Kg3 Qd3+ 43. Kf2 Kxf4 44. h5 Qd2+ 45. Kg1 Kg3 46. hxg6 Qg2# 0-1

[Event "RSA-ch U16 Girls"]
[Site "Waterkloof"]
[Date "2015.04.07"]
[Round "5"]
[White "Surujhlal, Kayla"]
[Black "Steyn, Alicia"]
[Result "1/2-1/2"]
[WhiteElo "1139"]
[BlackElo "1261"]
[PlyCount "100"]
[EventDate "2015.04.04"]
[EventType "swiss"]
[EventRounds "9"]
[EventCountry "RSA"]
[SourceTitle "CBM 166 Extra"]
[Source "ChessBase"]
[SourceDate "2015.06.18"]
[SourceVersion "1"]
[SourceVersionDate "2015.06.18"]
[SourceQuality "1"]

1. e4 c5 2. Nf3 Nc6 3. d4 cxd4 4. Nxd4 g6 5. Nc3 Bg7 6. Nxc6 bxc6 7. Bd3 Nf6 8. 0-0 0-0 9. Kh1 d5 10. f4 dxe4 11. Nxe4 Nxe4 12. Bxe4 Ba6 13. Re1 Qxd1 14. Rxd1 Rfd8 15. Re1 Bd4 16. Bf3 e6 17. Rd1 Bg7 18. c3 Rxd1+ 19. Bxd1 Rb8 20. Bb3 Bd3 21. Be3 a5 22. Rd1 Bf5 23. Bc1 Bg4 24. Rd6 c5 25. Ra6 c4 26. Bxc4 Bxc3 27. bxc3 Rb1 28. h3 Rxc1+ 29. Kh2 Rxc3 30. Bb3 Be2 31. Rxa5 Bc4 32. Ra8+ Kg7 33. Rc8 Bxb3 34. Rxc3 Bxa2 35. g4 h6 36. Kg3 g5 37. fxg5 hxg5 38. h4 gxh4+ 39. Kxh4 Kg6 40. Rf3 f6 41. Ra3 Bd5 42. Ra5 Kh6 43. Rc5 Kg6 44. Rb5 Bc6 45. Rc5 Bf3 46. g5 f5 47. Re5 Bd5 48. Re1 f4 49. Re5 f3 50. Kg3 Kf7 1/2-1/2

[Event "RSA-ch U16 Girls"]
[Site "Waterkloof"]
[Date "2015.04.06"]
[Round "4"]
[White "Steyn, Alicia"]
[Black "Oberholzer, Marni"]
[Result "0-1"]
[WhiteElo "1261"]
[BlackElo "1471"]
[PlyCount "146"]
[EventDate "2015.04.04"]
[EventType "swiss"]
[EventRounds "9"]
[EventCountry "RSA"]
[SourceTitle "CBM 166 Extra"]
[Source "ChessBase"]
[SourceDate "2015.06.18"]
[SourceVersion "1"]
[SourceVersionDate "2015.06.18"]
[SourceQuality "1"]

1. e4 d5 2. exd5 Qxd5 3. Nc3 Qd6 4. Nf3 Nf6 5. Bc4 Bf5 6. d3 c6 7. 0-0 e6 8. a3 Be7 9. Ne2 h6 10. b4 0-0 11. Bb2 Nbd7 12. Ng3 Bh7 13. Re1 Nb6 14. Ba2 Rfd8 15. Qd2 Qc7 16. Rad1 Rac8 17. Qe2 Nbd5 18. Qd2 c5 19. c4 Nb6 20. Ne5 Na4 21. Ba1 a6 22. Bb3 Nb6 23. Qc3 Nbd7 24. Nf3 Qb6 25. bxc5 Nxc5 26. Bc2 Qd6 27. d4 Bxc2 28. Qxc2 Ncd7 29. c5 Qc6 30. Rc1 b6 31. Re3 Nd5 32. Rd3 bxc5 33. dxc5 Qxc5 34. Qxc5 Rxc5 35. Rxc5 Bxc5 36. Ne4 Rb8 37. Bc3 Bxa3 38. h3 Nxc3 39. Nxc3 Nf6 40. Ne2 Be7 41. Rd2 Ra8 42. Ra2 Nd5 43. Nfd4 Nb4 44. Ra4 g6 45. Kf1 e5 46. Nb3 Rb8 47. Nec1 Rc8 48. g3 Rc6 49. Na5 Rxc1+ 50. Kg2 Rc2 51. Nb3 Ra2 52. Rxa2 Nxa2 53. Na5 Bb4 54. Nc4 Bc3 55. Kf1 Kf8 56. Ke2 Ke7 57. Kd1 Ke6 58. Kc2 Bd4 59. f3 Kd5 60. Nd2 a5 61. Kb3 Nc1+ 62. Ka4 Ne2 63. g4 g5 64. Kxa5 Bc3+ 65. Kb5 Bxd2 66. Ka4 Ng1 67. Kb3 Nxf3 68. Kc2 Kd4 69. Kd1 Kd3 70. h4 gxh4 71. g5 e4 72. gxh6 e3 73. h7 e2# 0-1

[Event "RSA-ch U16 Girls"]
[Site "Waterkloof"]
[Date "2015.04.04"]
[Round "2"]
[White "Oltman, Kayla"]
[Black "Steyn, Alicia"]
[Result "1-0"]
[WhiteElo "1620"]
[BlackElo "1261"]
[PlyCount "100"]
[EventDate "2015.04.04"]
[EventType "swiss"]
[EventRounds "9"]
[EventCountry "RSA"]
[SourceTitle "CBM 166 Extra"]
[Source "ChessBase"]
[SourceDate "2015.06.18"]
[SourceVersion "1"]
[SourceVersionDate "2015.06.18"]
[SourceQuality "1"]

1. c4 e5 2. g3 Nf6 3. Bg2 d5 4. cxd5 Nxd5 5. e3 Nc6 6. Ne2 Nb6 7. Nbc3 Qd3 8. Be4 Qd8 9. d3 f5 10. Bg2 Nb4 11. d4 e4 12. 0-0 g5 13. a3 Nd3 14. f3 Nxc1 15. Rxc1 exf3 16. Bxf3 h5 17. Qd3 Bg7 18. e4 0-0 19. Bxh5 g4 20. exf5 Bh6 21. Rce1 Qg5 22. Bg6 Qe3+ 23. Qxe3 Bxe3+ 24. Kg2 Nc4 25. Nd5 b6 26. b3 Bd2 27. bxc4 Bxe1 28. Rxe1 Bb7 29. Nef4 Rad8 30. Ne6 b5 31. Kf2 bxc4 32. Ne7+ Kh8 33. Nxf8 Rxf8 34. Rc1 Ba6 35. Nd5 Rc8 36. Ne3 c5 37. dxc5 Rxc5 38. Nxg4 c3 39. f6 Rg5 40. h3 Rxg6 41. Rxc3 Bb5 42. Rc8+ Rg8 43. Rxg8+ Kxg8 44. Ne5 a6 45. g4 Kh7 46. g5 Ba4 47. g6+ Kg8 48. f7+ Kg7 49. h4 Bd1 50. Nf3 Kf8 1-0